000
00154 a2200085 4500
041
_a
spa
100
_a
Garcia, Evenor
245
_a
Matematica 2
942
_c
BK
999
_c
15557
_d
15557